000 00722 a2200205 4500
008 080820t xxu||||| |||| 00| 0 eng d
010 _aENG-84873
020 _a8185753733
_c495.00
035 _aEN-68406
037 _bD. B. Act / Pub
082 _a883
245 _aChinua Achebe
_ban anthology of recent criticism
_cedited by Mala Pandurang.
250 _a1st ed.
260 _aDelhi :
_bPencraft International,
_c2006.
300 _a255 p. ;
_c23 cm.
500 _aIncludes bibliographical references
700 _aPandurang, Mala.
942 _adpl
_cEN
_k883 / CHI
_2ddc
_h883
_mCHI
999 _c623
_d623